Fabian tracts, nºs. 1 to 184 / (Record no. 168415)
[ view plain ]
| 000 -LEADER | |
|---|---|
| campo de control de longitud fija | 00751nas a2200193 i 4500 |
| 001 - NÚMERO DE CONTROL | |
| campo de control | 168415 |
| 003 - IDENTIFICADOR DE NÚMERO DE CONTROL | |
| campo de control | ES-MaACL |
| 005 - FECHA Y HORA DE LA ÚLTIMA TRANSACCIÓN | |
| campo de control | 20230906213803.0 |
| 008 - DATOS DE LONGITUD FIJA--INFORMACIÓN GENERAL | |
| campo de control de longitud fija | 080408 1917 xxk | | ||ng d |
| 080 ## - NÚMERO DE LA CLASIFICACIÓN DECIMAL UNIVERSAL | |
| Número de la Clasificación Decimal Universal | 3 |
| 245 00 - MENCIÓN DEL TÍTULO | |
| Título | Fabian tracts, nºs. 1 to 184 / |
| Mención de responsabilidad, etc. | published by The Fabian Society from 1884 to 1917. |
| 260 ## - PUBLICACIÓN, DISTRIBUCIÓN, ETC. | |
| Lugar de publicación, distribución, etc. | London : |
| Nombre del editor, distribuidor, etc. | The Fabian Society, |
| Fecha de publicación, distribución, etc. | [1917?] |
| 300 ## - DESCRIPCIÓN FÍSICA | |
| Extensión | 1 vol. (pag. var.) ; |
| Dimensiones | 21 cm. |
| 362 0# - FECHAS DE PUBLICACIÓN Y/O DESIGNACIÓN SECUENCIAL | |
| Fecha de publicación y/o designación secuencial | 1884-1938. |
| 505 8# - NOTA DE CONTENIDO CON FORMATO | |
| Nota de contenido con formato | Contiene nºs.: 1, 5, 7,13, 38, 41, 42, 51, 62, 68, 69, 71, 72, 75, 78, 79, 82, 83, 87, 92, 104, 107, 109, 113, 115, 118, 121, 122, 124, 125, 131, 133, 134, 136-149, 151, 152, 154-184 |
| 650 #4 - PUNTO DE ACCESO ADICIONAL DE MATERIA--TÉRMINO DE MATERIA | |
| Término de materia o nombre geográfico como elemento de entrada | Socialismo- |
| Subdivisión geográfica | Gran Bretaña. |
| 9 (RLIN) | 137561 |
| 710 0# - ENTRADA AGREGADA--NOMBRE DE ENTIDAD CORPORATIVA | |
| Nombre de entidad corporativa o nombre de jurisdicción como elemento de entrada | Fabian Society. |
| 9 (RLIN) | 4057 |
| 852 ## - LOCALIZACIÓN | |
| Ubicación | ES-MaACL |
| Número de control de estantería | F-2452 |
| Estatus retirado | Estado de pérdida | Estado de daño | No para préstamo | Colección | Biblioteca de origen | Biblioteca actual | Ubicación en estantería | Fecha de adquisición | Fuente de adquisición | Total de préstamos | Signatura topográfica completa | Código de barras | Visto por última vez | Precio de reemplazo | Tipo de ítem Koha |
|---|---|---|---|---|---|---|---|---|---|---|---|---|---|---|---|
| Periódicos y Revistas | Biblioteca del Ateneo de Madrid | Biblioteca del Ateneo de Madrid | Depósito 2 | 08/04/2008 | F-2452 | 1176711 | 23/02/2023 | 23/02/2023 | Revista |
